| 000 | 00000nam##2200000za#4500 |
| 001 | 9.642478 |
| 003 | CaOODSP |
| 005 | 20210624223724 |
| 007 | cr ||||||||||| |
| 008 | 150407|1998||||xxc|||||o f|0| 0 fre|d |
| 040 | |aCaOODSP|bfre |
| 043 | |an-cn--- |
| 086 | 1 |aF2-125/1998F-PDF |
| 110 | 1 |aCanada. |bMinistère des finances. |
| 245 | 10|aAvant-projet de modification du Règlement de l'impôt sur le revenu concernant l'épargne-retraite : |h[ressource électronique]|bavant-projet de règlement et notes explicatives / |cpublié par le ministre des Finances, l'honorable Paul Martin, c.p., député. |
| 260 | |aOttawa - Ontario : |bFinances Canada. |cJuin 1998. |
| 300 | |a190p.|btableau |
| 500 | |aLe n° de catalogue (F2-125/1998F) et l'ISBN (-0-660-17526-6) de l'édition imprimée ont été incorrectement copiés dans l'édition électronique. |
| 590 | |a13-22-Supp|b2013-09-26 |
| 691 | 07|aImpôt sur le revenu|2gcpds |
| 691 | 07|aAmendement|2gcpds |
| 691 | 07|aRetraite|2gcpds |
| 775 | 08|tDraft amendments to the Income Tax regulations relating to retirement savings : |w(CaOODSP)9.698471 |
| 776 | 0#|tAvant-projet de modification du Règlement de l'impôt sur le revenu concernant l'épargne-retraite : |w(CaOODSP)9.680478 |
| 856 | 40|ahttp://publications.gc.ca|qPDF|s445 Ko|uhttps://publications.gc.ca/collections/Collection/F2-125-1998F.pdf |